Eurovision 2025 Lyric Match (Easy) - Statistics

General Stats
  • This quiz has been taken 745 times
    647 since last reset
  • The average score is 31 of 37
Answer Stats
Hint Answer % Correct
Róandi hér, róandi þar, Róa í gegnum öldurnar Iceland
96%
Can't fill my heart with wasted love Austria
95%
Tutta l'Italia, tutta l'Italia, tutta l'Italia (Eh!) San Marino
95%
Vi ska Bada Bastu Sweden
95%
Ja siihen mä kajautan kovaa: "Ich komme" Finland
94%
Do re mi fa s-s-serving Malta
93%
The shake is not a drink it's a state of mind Australia
92%
Ich baller', la La-la-la-la-la-l— Germany
92%
Na, na-na-na, na-na, la poupée monte le son Luxembourg
92%
I'm a survivor, stay-aliver Armenia
90%
Maman, maman, maman France
90%
I hope Laika is alive Ireland
90%
"C'est la vie", she sang to me Netherlands
90%
Pero la supuesta diva Spain
90%
A new revalation, Hallu- Denmark
89%
Life is like Spaghetti, it's hard until you make it Estonia
89%
Moje Imie Gaja Poland
89%
Avec toi pour faire un voyage Switzerland
89%
Asteromáta mou mikrí Greece
88%
Tavo, tavo, tavo, tavo, tavo, tavo, tavo, tavo Lithuania
86%
Fly, bird, I'm begging you, begging you Ukraine
86%
Quanto è duro il mondo per quelli normali Italy
85%
O monte de betão não me provoca nada,
Não me convoca casa
Portugal
85%
Bur man, bur man, bur man, bur man Latvia
84%
Mila, život vratila sa ruba Serbia
84%
Over and over again, Kiss Kiss Czechia
83%
Në zemrën time, n'zemrën teme Albania
82%
Hush, hush, hush, hush, hush... Cyprus
80%
Everyone cries, don't cry alone Israel
78%
Izdrži sve, proći će, nasmij se Montenegro
77%
A sprinkle of my sweet revenge Croatia
76%
Went up on the roof, Jumped into the pool United Kingdom
75%
Somewhere along the way I lost my mind Norway
73%
Freedom that makes life so mild Georgia
72%
I admire your power, I admire your will Slovenia
58%
Cotton candy haze Belgium
57%
Shall we dim the lights, Leave our fears behind Azerbaijan
47%
No matching quizzes found
Score Distribution
Percent of People with Each Score
Percentile by Number Answered
Your Score History
You have not taken this quiz since the last reset